MARC details
| 000 -LEADER |
| fixed length control field |
03016nam a2200325 i 4500 |
| 003 - CONTROL NUMBER IDENTIFIER |
| control field |
CSPC |
| 005 - DATE AND TIME OF LATEST TRANSACTION |
| control field |
20250905113733.0 |
| 008 - FIXED-LENGTH DATA ELEMENTS--GENERAL INFORMATION |
| fixed length control field |
250904s2024 ph a b 000 0 eng d |
| 040 ## - CATALOGING SOURCE |
| Original cataloging agency |
CSPC |
| Language of cataloging |
eng |
| Transcribing agency |
CSPC |
| Description conventions |
rda |
| 090 ## - LOCALLY ASSIGNED LC-TYPE CALL NUMBER (OCLC); LOCAL CALL NUMBER (RLIN) |
| Classification number (OCLC) (R) ; Classification number, CALL (RLIN) (NR) |
UTH BSOA Si92i |
| 100 1# - MAIN ENTRY--PERSONAL NAME |
| Personal name |
Siva, Charles Alexis L., |
| Relator term |
author. |
| 245 00 - TITLE STATEMENT |
| Title |
Institutional support system : an antidote to the learning barriers experienced by the BSOA students in CSPC Buhi Campus for Academic Year 2024-2025 / |
| Statement of responsibility, etc. |
Charles Alexis L. Siva. Joshua A. Villadares, John Liester C. Zaballa, Jiselle S.J. Zamora. |
| 260 ## - PUBLICATION, DISTRIBUTION, ETC. |
| Place of publication, distribution, etc. |
Buhi, Camarines Sur : |
| Name of publisher, distributor, etc. |
Camarines Sur Polytechnic Colleges, |
| Date of publication, distribution, etc. |
2024. |
| 300 ## - PHYSICAL DESCRIPTION |
| Extent |
97 leaves : |
| 336 ## - CONTENT TYPE |
| Source |
rdacontent |
| Content type term |
text |
| 337 ## - MEDIA TYPE |
| Source |
rdamedia |
| Media type term |
unmediated |
| 338 ## - CARRIER TYPE |
| Source |
rdacarrier |
| Carrier type term |
volume |
| 502 ## - DISSERTATION NOTE |
| Dissertation note |
Undergraduate Thesis (BSOA) - Office Administration |
| Name of granting institution |
Camarines Sur Polytechnic Colleges, 2024. |
| 504 ## - BIBLIOGRAPHY, ETC. NOTE |
| Bibliography, etc. note |
Includes bibliographical references. |
| 520 ## - SUMMARY, ETC. |
| Expansion of summary note |
This study aimed to identify and analyze the learning barriers faced by Bachelor of Science in Office Administration students at the CSPC, Buhi Campus. A qualitative research design was employed, utilizing a combination of documentation analysis and survey questionnaries. The survey instrument was distributed to a purposive sample of BSOA students. The majority of respondents were young adults aged 18-21, predominantly female and single, primarily third-year BSOA students. While many achieved a General Weighted Average between 1.5 and 2.0, several factors hindered their academic progress. Financial constraints emerged as a major challenge, with students expressing concerns about financial worries and the impact of family financial situations on their academic performance. In addition to financial constraints, the inflexibility of the academic schedule was a significant obstacle. Furthermore, the study revealed the crucial role of family support systems in student success. A lack of emotional support, understanding of academic demands, and unrealistic expectations from family members were identified as significant challenges. Finally, inadequate physical resources, such as limited access to libraries, computer labs, and study spaces, were identified as another barrier. To address these challenges, study recommends enhancing institutional support systems, improving physical infrastructure, addressing financial constraints, and enhancing time management and family support. By implementing these recommendations, the institution can create a more supportive learning environment and improve student outcomes. |
| 700 1# - ADDED ENTRY--PERSONAL NAME |
| Personal name |
Villadares, Joshua A., |
| Relator term |
author. |
| 700 1# - ADDED ENTRY--PERSONAL NAME |
| Personal name |
Zaballa, John Liester C., |
| Relator term |
author. |
| 700 1# - ADDED ENTRY--PERSONAL NAME |
| Personal name |
Zamora, Jiselle S.J., |
| Relator term |
author. |
| 720 1# - ADDED ENTRY--UNCONTROLLED NAME |
| Name |
Sagala, Marimin N., |
| Relator term |
adviser. |
| 720 1# - ADDED ENTRY--UNCONTROLLED NAME |
| Name |
Luzon, April V., |
| Relator term |
panelist, chair. |
| 720 1# - ADDED ENTRY--UNCONTROLLED NAME |
| Name |
Villar, Mariber M., |
| Relator term |
panelist, member |
| 720 1# - ADDED ENTRY--UNCONTROLLED NAME |
| Name |
Verona, Lea Katrine S., |
| Relator term |
panelist, member |
| 942 ## - ADDED ENTRY ELEMENTS (KOHA) |
| Source of classification or shelving scheme |
Dewey Decimal Classification |
| Suppress in OPAC |
No |
| Koha item type |
Unpublished Materials |
| Classification part |
Si92i |
| Call number prefix |
UTH |
| Call number suffix |
2024 |